00735 2200253 4500001002100000005001700021008004100038020001800079035002500097082001200122090001700134245011800151250001800269260004200287300002700329500001100356650001400367700002000381700002300401850001200424999001500436999001500451999001500466YOGYA-0209000001465020150805113145.0 ind  a979-461-133-6 a0010-020900000014650 a342.085 a342.085bHak aHAK-HAK asasi manusia dalam masyarakat dunia :bisu dan tindakanc/ penyunting, T. Mulya Lubis, A. Setiawan Abadi aEd. 1, cet. 1 aJakartabYayasan Obor Indonesiac1993 axxi, 325 hlm. ;c21 cm aIndeks aHak asasi aLubis, T. Mulya aAbadi, A. Setiawan aYOPDYOG a96A0034665 a97P0090209 a97P0090210